Gaining environmental benefits from positive land management: practical experience from the north Kent marshes (Record no. 71680)
[ view plain ]
| 000 -LEADER | |
|---|---|
| fixed length control field | 01536cam a2200229 4500 |
| 001 - CONTROL NUMBER | |
| control field | ABS66183 |
| 008 - FIXED-LENGTH DATA ELEMENTS--GENERAL INFORMATION | |
| fixed length control field | 021202n2002 000 0 eng u |
| 035 ## - SYSTEM CONTROL NUMBER | |
| System control number | (Sirsi) u120630 |
| 100 ## - MAIN ENTRY--PERSONAL NAME | |
| Personal name | Merricks, P |
| 245 ## - TITLE STATEMENT | |
| Title | Gaining environmental benefits from positive land management: practical experience from the north Kent marshes |
| 260 ## - PUBLICATION, DISTRIBUTION, ETC. | |
| Date of publication, distribution, etc. | 2002 |
| 490 ## - SERIES STATEMENT | |
| Series statement | Farm Management |
| Volume/sequential designation | 11(6) October 2002, 379-386(5) |
| 520 ## - SUMMARY, ETC. | |
| Summary, etc. | Argues that a better way of providing environmental benefits is to clarify the objectives of environmental policy and to link payments more directly to the achievement of those objectives. Experience at Elmley shows how this has been achieved in the UK. The 1200ha Elmley Estate is managed both as a working farm and as the Elmley National Nature Reserve: the whole estate falls within the North Kent Marshes Environmentally Sensitive Area and now supports a greater number of breeding waders than any other lowland wet grassland site in England and Wales. This growth in wildlife has been achieved through positive management of water levels and the grazing of sheep and cattle together with other land management techniques. It provides a successful example of practical and integrated farm management producing prime quality store livestock and greatly increased wildlife. |
| 590 ## - LOCAL NOTE (RLIN) | |
| Local note | ABS |
| 650 ## - SUBJECT ADDED ENTRY--TOPICAL TERM | |
| Topical term or geographic name entry element | ENVIRONMENTAL MANAGEMENT |
| 650 ## - SUBJECT ADDED ENTRY--TOPICAL TERM | |
| Topical term or geographic name entry element | COUNTRYSIDE STEWARDSHIP |
| 650 ## - SUBJECT ADDED ENTRY--TOPICAL TERM | |
| Topical term or geographic name entry element | WILDLIFE |
| 650 ## - SUBJECT ADDED ENTRY--TOPICAL TERM | |
| Topical term or geographic name entry element | WETLANDS |
| 650 ## - SUBJECT ADDED ENTRY--TOPICAL TERM | |
| Topical term or geographic name entry element | FARM MANAGEMENT |
| 690 ## - LOCAL SUBJECT ADDED ENTRY--TOPICAL TERM (OCLC, RLIN) | |
| Topical term or geographic name as entry element | RURAL-NATURE CONSERVATION |
| 942 ## - ADDED ENTRY ELEMENTS (KOHA) | |
| Suppress in OPAC | 0 |
| Withdrawn status | Lost status | Source of classification or shelving scheme | Damaged status | Not for loan | Home library | Current library | Shelving location | Date acquired | Total Checkouts | Full call number | Barcode | Date last seen | Copy number | Price effective from | Koha item type |
|---|---|---|---|---|---|---|---|---|---|---|---|---|---|---|---|
| Dewey Decimal Classification | London | London | Journal article | 02/12/2002 | ABS66183 | 120630-1001 | 06/08/2019 | 1 | 06/08/2019 | Journal article |